[Event "TCh-CHN Division A 2014"]
[Site "Taizhou CHN"]
[Date "2014.11.16"]
[Round "18.6"]
[Board "1"]
[White "Zeng, Chongsheng"]
[Black "Ma, Qun"]
[Result "1/2-1/2"]
[WhiteTitle "GM"]
[BlackTitle "GM"]
[WhiteElo "2540"]
[BlackElo "2621"]
[WhiteTeam "Guangdong"]
[BlackTeam "Tianjing"]
[WhiteFideId "8603847"]
[BlackFideId "8603154"]
[EventDate "2014.04.12"]

1. d4 Nf6 2. c4 e6 3. Nf3 d5 4. Nc3 Be7 5. Bf4 O-O 6. a3 b6 7. cxd5 Nxd5 8. Nxd5
exd5 9. Qc2 c5 10. dxc5 bxc5 11. e4 dxe4 12. Qxe4 Re8 13. Bd3 Bf6 14. Ne5 Nc6
15. Qxh7+ Kf8 16. Qh8+ Ke7 17. Nxc6+ Kd7+ 18. Be5 Kxc6 19. O-O-O Bxe5 20. Be4+
Kc7 21. Rxd8 Rxh8 22. Rxh8 Bf4+ 23. Kc2 Bb7 24. Bxb7 Rxh8 25. Bd5 Rd8 26. Rd1
Bxh2 27. Bxf7 Rf8 28. Bc4 Rxf2+ 29. Rd2 Rxd2+ 30. Kxd2 1/2-1/2

[Event "TCh-CHN Division A 2014"]
[Site "Taizhou CHN"]
[Date "2014.11.16"]
[Round "18.6"]
[Board "2"]
[White "Li, Shilong"]
[Black "Malakhov, Vladimir"]
[Result "1/2-1/2"]
[WhiteTitle "GM"]
[BlackTitle "GM"]
[WhiteElo "2495"]
[BlackElo "2708"]
[WhiteTeam "Guangdong"]
[BlackTeam "Tianjing"]
[WhiteFideId "8600678"]
[BlackFideId "4120787"]
[EventDate "2014.04.12"]

1. d4 d5 2. c4 c6 3. Nf3 Nf6 4. Nc3 a6 5. h3 e6 6. c5 b6 7. cxb6 Nbd7 8. e3 Qxb6
9. Bd3 c5 10. O-O cxd4 11. exd4 Bd6 12. b3 O-O 13. Bb2 a5 14. Na4 Qb8 15. Rc1
Ba6 16. Bxa6 Rxa6 17. Qd3 Qb7 18. Ne5 Raa8 19. Nc5 Qa7 20. Ncxd7 Nxd7 21. Rc6
Nxe5 22. dxe5 Bc5 23. Qc2 Rfc8 24. Rxc8+ Rxc8 25. Rc1 Rc7 26. Bd4 Bb6 27. Qxc7
Qxc7 28. Rxc7 Bxc7 29. f4 Kf8 30. Kf2 Ke8 31. Ke2 Kd7 32. Kd3 Kc6 33. a4 Bb6 34.
Bc3 h5 35. g4 hxg4 36. hxg4 g6 37. g5 Bc7 38. Kd4 Bd8 39. Kd3 Kc5 40. Bd2 Kc6 1/2-1/2

[Event "TCh-CHN Division A 2014"]
[Site "Taizhou CHN"]
[Date "2014.11.16"]
[Round "18.6"]
[Board "4"]
[White "Khotenashvili, Bela"]
[Black "Liu, Manli CHN"]
[Result "0-1"]
[WhiteTitle "GM"]
[WhiteElo "2504"]
[BlackElo "1988"]
[WhiteTeam "Tianjing"]
[BlackTeam "Guangdong"]
[WhiteFideId "13602640"]
[BlackFideId "8608121"]
[EventDate "2014.04.12"]

1. Nf3 d5 2. g3 Nf6 3. Bg2 e6 4. O-O Be7 5. d3 O-O 6. Nbd2 c5 7. e4 Nc6 8. Re1
Qc7 9. e5 Nd7 10. Qe2 b5 11. h4 a5 12. Nf1 a4 13. a3 b4 14. Bg5 Nb6 15. Bxe7
Qxe7 16. h5 h6 17. Ne3 Ba6 18. Ng4 Rfb8 19. Qd2 Kh7 20. Bf1 Ra7 21. Qf4 Nd7 22.
c4 bxc3 23. bxc3 Bb7 24. Rab1 Ba8 25. Rxb8 Ncxb8 26. Bg2 Bc6 27. Rb1 Na6 28. c4
Nc7 29. Ne3 d4 30. Ng4 Rb7 31. Rxb7 Bxb7 32. Nd2 Bxg2 33. Kxg2 Kg8 34. Ne4 Ne8
35. Qd2 Qd8 36. Qb2 Qc7 37. Qb5 Qa7 38. Qc6 Kf8 39. f4 Ke7 40. Ngf2 Qa5 41. Qb7
Nc7 42. Kf1 Ne8 43. Ke2 f5 44. exf6+ gxf6 45. g4 Qc7 46. Qxc7 Nxc7 47. Ng3 Kf7
48. Kf3 Ne8 49. Nfe4 Kg7 50. Kf2 Kf7 51. Ke2 Kg7 52. f5 e5 53. Nh1 Kf7 54. Nhf2
Ke7 55. Nd1 Nd6 56. Kf3 Nxe4 57. Kxe4 Nb6 58. Nf2 Kd6 59. g5 0-1

[Event "TCh-CHN Division A 2014"]
[Site "Taizhou CHN"]
[Date "2014.11.16"]
[Round "18.6"]
[Board "5"]
[White "Ni, Shiqun"]
[Black "Munguntuul, Batkhuyag"]
[Result "1-0"]
[WhiteTitle "WIM"]
[BlackTitle "IM"]
[WhiteElo "2262"]
[BlackElo "2438"]
[WhiteTeam "Tianjing"]
[BlackTeam "Guangdong"]
[WhiteFideId "8608466"]
[BlackFideId "4900758"]
[EventDate "2014.04.12"]

1. e4 c5 2. Nf3 d6 3. d4 cxd4 4. Nxd4 Nf6 5. Nc3 a6 6. Bc4 e6 7. O-O b5 8. Bb3
Bb7 9. Bxe6 fxe6 10. Nxe6 Qc8 11. Nd5 Kf7 12. Ng5+ Kg8 13. Nb6 Qe8 14. Nxa8 Bxa8
15. Re1 Nbd7 16. a4 h6 17. Nh3 Bxe4 18. axb5 axb5 19. c3 Qf7 20. Ra7 Kh7 21. Be3
Be7 22. Bd4 Ne5 23. Bxe5 dxe5 24. Rxe4 Nxe4 25. Qb1 Qd5 26. Rxe7 Rd8 27. g3 Kg8
28. Nf4 exf4 29. Qxe4 Qxe4 30. Rxe4 f3 31. h4 Rd1+ 32. Kh2 Rd2 33. Rb4 Rxf2+ 34.
Kh3 h5 35. g4 Rf1 36. Kg3 hxg4 37. Kxg4 f2 38. Kf3 Re1 39. Kxf2 Re5 40. Kf3 Kf7
41. Re4 Rh5 42. Ke3 Rd5 43. Rd4 Rc5 44. Kd3 Kf6 45. Rf4+ Ke5 46. Rg4 Kf6 47. b4
Rc7 48. Rg5 Rc4 49. Rxb5 Rxh4 50. Rc5 g5 51. b5 g4 52. Ke3 Ke6 53. Kf4 Kd7 54.
Kg3 Rh1 55. Kxg4 Rf1 56. c4 Kd6 57. Rc6+ Kd7 58. c5 Rb1 59. Rd6+ Kc8 60. b6 Rb5
61. Rc6+ Kb7 62. Rc7+ Kb8 63. Kf4 Rb1 64. Ke4 Rh1 65. Kd5 Rh5+ 66. Kc6 Rh6+ 67.
Kb5 Rh1 68. Rf7 Rh5 69. Ka6 1-0

[Event "TCh-CHN Division A 2014"]
[Site "Jiangmen CHN"]
[Date "2014.12.06"]
[Round "19.1"]
[White "Li, Shilong"]
[Black "Wang, Hao"]
[Result "1/2-1/2"]
[WhiteTitle "GM"]
[BlackTitle "GM"]
[WhiteElo "2495"]
[BlackElo "2710"]
[WhiteTeam "Guangdong"]
[BlackTeam "Beijing"]
[WhiteFideId "8600678"]
[BlackFideId "8602883"]
[EventDate "2014.04.12"]

1. d4 Nf6 2. c4 e6 3. Nc3 Bb4 4. e3 O-O 5. Bd3 d5 6. Nf3 c5 7. O-O Nc6 8. a3
Bxc3 9. bxc3 Qc7 10. cxd5 exd5 11. a4 Re8 12. Ba3 c4 13. Bc2 Ne4 14. Bxe4 Rxe4
15. Nd2 Re8 16. e4 dxe4 17. Nxc4 Rd8 18. Qc2 f5 19. Rfd1 b6 20. d5 Ba6 21. Qb3
Qf7 22. Nd6 Rxd6 23. Bxd6 Na5 24. Qb4 Bd3 25. c4 Nxc4 26. Rxd3 exd3 27. Qxc4 Qf6
28. Rd1 Qxd6 29. Qxd3 g6 30. g3 Re8 31. Rc1 Rd8 32. Rd1 Re8 33. Rc1 Rd8 34. Rd1
Re8 35. Rc1 1/2-1/2

[Event "TCh-CHN Division A 2014"]
[Site "Jiangmen CHN"]
[Date "2014.12.06"]
[Round "19.1"]
[White "Zeng, Chongsheng"]
[Black "Xiu, Deshun"]
[Result "1/2-1/2"]
[WhiteTitle "GM"]
[BlackTitle "GM"]
[WhiteElo "2540"]
[BlackElo "2553"]
[WhiteTeam "Guangdong"]
[BlackTeam "Beijing"]
[WhiteFideId "8603847"]
[BlackFideId "8603693"]
[EventDate "2014.04.12"]

1. d4 Nf6 2. c4 e6 3. Nf3 d5 4. Bg5 Bb4+ 5. Nc3 h6 6. Bxf6 Qxf6 7. Qa4+ Nc6 8.
e3 O-O 9. Be2 Bd7 10. Qb3 dxc4 11. Qxc4 Qe7 12. O-O Na5 13. Qd3 c5 14. a3 c4 15.
Qc2 Bd6 16. Rad1 Rfd8 17. Nd2 b5 18. f4 Rab8 19. Nde4 b4 20. axb4 Rxb4 21. d5 e5
22. Bh5 f5 23. Nxd6 Qxd6 24. fxe5 Qxe5 25. Bg6 Rdb8 26. Bxf5 Qxe3+ 27. Qf2 Qxf2+
28. Rxf2 Bxf5 29. Rxf5 Nb7 30. d6 Rd8 31. d7 Rxb2 32. Rf4 Na5 33. Re4 Kh7 34.
Re8 Rbb8 35. Rd5 Nc6 36. Re6 Nb4 37. Rdd6 Nd3 38. Re4 Rb7 39. Red4 Ne5 40. Re4
Rdxd7 41. Rxd7 Nxd7 42. Rxc4 a5 43. Rc6 Rb3 44. h3 Ne5 45. Rc7 Nd3 46. Kf1 Rb2
47. Ra7 Rf2+ 48. Kg1 Rf5 49. Ne4 Re5 50. Nd6 Nf4 51. Kf2 h5 52. Kf3 Ng6 53. g4
hxg4+ 54. hxg4 Rg5 55. Nf5 Ne5+ 56. Kf4 Nc6 57. Ra8 Rg6 58. g5 Re6 59. Ra6 g6
60. Ne3 Rd6 61. Ng4 Rd4+ 62. Kf3 Rc4 63. Nf6+ Kg7 64. Ne4 Nd4+ 65. Ke3 Nf5+ 66.
Kf4 Ng3 1/2-1/2

[Event "TCh-CHN Division A 2014"]
[Site "Jiangmen CHN"]
[Date "2014.12.06"]
[Round "19.1"]
[White "Liu, Chang"]
[Black "Wang, Yiye"]
[Result "0-1"]
[BlackTitle "IM"]
[WhiteElo "2368"]
[BlackElo "2422"]
[WhiteTeam "Guangdong"]
[BlackTeam "Beijing"]
[WhiteFideId "8606340"]
[BlackFideId "8606021"]
[EventDate "2014.04.12"]

1. e4 e6 2. Qe2 Be7 3. Nf3 d5 4. d3 c5 5. e5 Nc6 6. g3 h5 7. h4 Nh6 8. Bh3 Ng4
9. c3 f6 10. Bf4 Qb6 11. b3 Bd7 12. O-O O-O-O 13. d4 cxd4 14. cxd4 g5 15. exf6
gxf4 16. fxe7 Nxe7 17. Nc3 fxg3 18. fxg3 Nf5 19. Rac1 Kb8 20. Bxg4 hxg4 21. Qe5+
Ka8 22. Ng5 Nxd4 23. Kh2 Rhf8 24. Rxf8 Rxf8 25. Rf1 Rc8 26. h5 Nf5 27. Ne2 a6
28. h6 Nxh6 29. Rf6 Rh8 30. Kg2 d4 31. Nxd4 Bc6+ 32. Nxc6 Qxc6+ 33. Qe4 Qc3 34.
Qf4 Nf5 35. Rxe6 Qc2+ 36. Kg1 Qd1+ 0-1

[Event "TCh-CHN Division A 2014"]
[Site "Jiangmen CHN"]
[Date "2014.12.06"]
[Round "19.1"]
[White "Zhao, Xue"]
[Black "Li, Xueyi"]
[Result "1-0"]
[WhiteTitle "GM"]
[WhiteElo "2514"]
[BlackElo "2193"]
[WhiteTeam "Beijing"]
[BlackTeam "Guangdong"]
[WhiteFideId "8601283"]
[BlackFideId "8605912"]
[EventDate "2014.04.12"]

1. c4 c6 2. Nf3 d5 3. g3 Bg4 4. Bg2 Nf6 5. O-O e6 6. d4 Nbd7 7. Nc3 Bd6 8. Qb3
Rb8 9. Nd2 b5 10. cxd5 cxd5 11. Nxb5 Be7 12. f3 Bxf3 13. Nxf3 a6 14. a4 axb5 15.
a5 O-O 16. Bf4 Rb7 17. a6 Rb6 18. a7 Qa8 19. Rfc1 Rb7 20. Qa2 Nb6 21. Qa6 Na4
22. Rc7 Rb6 23. Qa5 Bd8 24. Rxa4 bxa4 25. Qxb6 Bxc7 26. Bxc7 Nd7 27. Qa6 Qc8 28.
Qc6 1-0

[Event "TCh-CHN Division A 2014"]
[Site "Jiangmen CHN"]
[Date "2014.12.06"]
[Round "19.1"]
[White "Wang, Jue"]
[Black "Liu, Manli CHN"]
[Result "1-0"]
[WhiteTitle "WGM"]
[WhiteElo "2353"]
[BlackElo "1988"]
[WhiteTeam "Beijing"]
[BlackTeam "Guangdong"]
[WhiteFideId "8604070"]
[BlackFideId "8608121"]
[EventDate "2014.04.12"]

1. e4 e6 2. d4 d5 3. Nc3 Nf6 4. Bg5 dxe4 5. Nxe4 Nbd7 6. Nf3 h6 7. Nxf6+ Nxf6 8.
Bh4 c5 9. Bd3 Be7 10. dxc5 Qa5+ 11. c3 Qxc5 12. Qe2 O-O 13. O-O Rd8 14. Rad1 Bd7
15. Ne5 Be8 16. Kh1 Rac8 17. f4 Nd5 18. Bf2 Qc7 19. Bd4 Bc5 20. f5 Bxd4 21. cxd4
exf5 22. Bxf5 Rb8 23. Bb1 Qd6 24. Qd3 Nf6 25. Rf4 Rbc8 26. Rdf1 Kf8 27. Ng4 Nxg4
28. Rxg4 Bd7 29. Rxg7 Be6 30. Rg6 Ke7 31. Rxh6 Qxd4 32. Qa3+ Qc5 33. Qg3 Rg8 34.
Qf3 Rc7 35. Rxe6+ 1-0

[Event "TCh-CHN Division A 2014"]
[Site "Jiangmen CHN"]
[Date "2014.12.06"]
[Round "19.2"]
[White "Ma, Qun"]
[Black "Navara, David"]
[Result "1/2-1/2"]
[WhiteTitle "GM"]
[BlackTitle "GM"]
[WhiteElo "2621"]
[BlackElo "2727"]
[WhiteTeam "Tianjing"]
[BlackTeam "Jiangsu"]
[WhiteFideId "8603154"]
[BlackFideId "309095"]
[EventDate "2014.04.12"]

1. e4 c6 2. d4 d5 3. Nd2 dxe4 4. Nxe4 Bf5 5. Ng3 Bg6 6. h4 h6 7. Nf3 Nd7 8. h5
Bh7 9. Bd3 Bxd3 10. Qxd3 e6 11. Bd2 Ngf6 12. O-O-O Be7 13. Kb1 O-O 14. Ne4 c5
15. Nxf6+ Bxf6 16. dxc5 Nxc5 17. Qxd8 Rfxd8 18. Be3 Na4 19. Rxd8+ Rxd8 20. c3
Nb6 21. Bxb6 axb6 22. Kc2 Rd5 23. g4 Be7 24. Re1 Kf8 25. b4 b5 26. Re5 Rxe5 27.
Nxe5 Bh4 28. f3 Ke7 29. Kb3 Kf6 30. Nd3 Kg5 31. c4 bxc4+ 32. Kxc4 f5 33. a4 fxg4
34. fxg4 Kxg4 35. a5 Kxh5 36. Nf4+ Kg4 37. Nxe6 Be1 38. Nxg7 h5 39. Nxh5 Kxh5
40. Kb5 Kg5 1/2-1/2

[Event "TCh-CHN Division A 2014"]
[Site "Jiangmen CHN"]
[Date "2014.12.06"]
[Round "19.2"]
[White "Malakhov, Vladimir"]
[Black "Yu, Ruiyuan"]
[Result "1-0"]
[WhiteTitle "GM"]
[BlackTitle "GM"]
[WhiteElo "2708"]
[BlackElo "2552"]
[WhiteTeam "Tianjing"]
[BlackTeam "Jiangsu"]
[WhiteFideId "4120787"]
[BlackFideId "8603090"]
[EventDate "2014.04.12"]

1. c4 c6 2. Nf3 d5 3. e3 Nf6 4. d4 g6 5. Nc3 Bg7 6. Bd3 O-O 7. O-O Bg4 8. h3
Bxf3 9. Qxf3 dxc4 10. Bxc4 Nbd7 11. Rd1 e5 12. d5 e4 13. Nxe4 Nxe4 14. Qxe4 Nb6
15. Bb3 cxd5 16. Qf3 Qf6 17. Qxf6 Bxf6 18. Rb1 Rac8 19. Bd2 Rfd8 20. Ba5 d4 21.
e4 Rc5 22. Bxb6 axb6 23. Rd3 Kf8 24. g3 Bg7 25. f4 Rdc8 26. Kg2 Ke7 27. Re1 Rc1
28. Re2 Rd8 29. e5 Rc7 30. Re4 Rcd7 31. g4 b5 32. Bxf7 Rc7 33. Bb3 Rc5 34. g5 h6
35. h4 hxg5 36. hxg5 Rc1 37. Rexd4 1-0

[Event "TCh-CHN Division A 2014"]
[Site "Jiangmen CHN"]
[Date "2014.12.06"]
[Round "19.2"]
[White "Shen, Yang"]
[Black "Ni, Shiqun"]
[Result "0-1"]
[WhiteTitle "IM"]
[BlackTitle "WIM"]
[WhiteElo "2475"]
[BlackElo "2262"]
[WhiteTeam "Jiangsu"]
[BlackTeam "Tianjing"]
[WhiteFideId "8603162"]
[BlackFideId "8608466"]
[EventDate "2014.04.12"]

1. d4 Nf6 2. Nf3 g6 3. c4 Bg7 4. Nc3 d5 5. e3 O-O 6. b4 c6 7. Qb3 Bg4 8. Be2 Ne4
9. h3 dxc4 10. Bxc4 Bxf3 11. gxf3 Nxc3 12. Qxc3 a5 13. Bb2 Nd7 14. bxa5 c5 15.
Rd1 cxd4 16. Qb4 Ne5 17. Bxd4 Nxf3+ 18. Ke2 Nxd4+ 19. exd4 Rxa5 20. Rd3 Rf5 21.
Qxb7 Bxd4 22. Rf3 Re5+ 23. Kf1 Qa5 24. h4 Re1+ 25. Kg2 Rxh1 26. Kxh1 Bf6 27. Rf4
Kg7 28. Kg2 Rd8 29. Bb3 Rd2 30. Rxf6 exf6 31. Qxf7+ Kh6 32. Qf8+ Kh5 33. Qe7
Kxh4 34. Qxh7+ Kg5 35. Qh3 Qe5 36. Qf3 Qf4 37. Bf7 Qxf3+ 38. Kxf3 Kf5 39. a4
Rd3+ 40. Kg2 Ra3 41. Be8 g5 42. Bc6 Kf4 43. Bb5 Ra2 44. Bd7 f5 45. Kf1 g4 46.
Ke1 Ke5 0-1

[Event "TCh-CHN Division A 2014"]
[Site "Jiangmen CHN"]
[Date "2014.12.06"]
[Round "19.2"]
[White "Guo, Qi"]
[Black "Khotenashvili, Bela"]
[Result "1/2-1/2"]
[WhiteTitle "WGM"]
[BlackTitle "GM"]
[WhiteElo "2458"]
[BlackElo "2504"]
[WhiteTeam "Jiangsu"]
[BlackTeam "Tianjing"]
[WhiteFideId "8604002"]
[BlackFideId "13602640"]
[EventDate "2014.04.12"]

1. d4 d5 2. Nf3 Nf6 3. c4 e6 4. Nc3 Be7 5. Bg5 O-O 6. e3 h6 7. Bh4 Ne4 8. Bxe7
Qxe7 9. Qc2 Nxc3 10. Qxc3 dxc4 11. Qxc4 b6 12. Rc1 c5 13. dxc5 Bb7 14. Qh4 Qxh4
15. Nxh4 Rc8 16. Be2 Nd7 17. c6 Bxc6 18. O-O Bd5 19. Bf3 Nf6 20. a3 Ne4 21. Bxe4
Bxe4 22. Nf3 a5 23. Rfd1 Bc2 24. Rd2 Ba4 25. Rxc8+ Rxc8 26. h4 Kf8 27. Rd6 Rb8
28. Rd4 Bb5 29. a4 Be8 30. b3 f6 31. Nd2 e5 32. Rd3 Ke7 33. f4 Bf7 34. fxe5 fxe5
35. Rc3 Rd8 36. Nf3 Rd1+ 37. Kf2 Kd6 38. e4 Rb1 39. Nd2 Rh1 40. Nf3 Rb1 41. Nd2
Rh1 42. Nf3 Rb1 43. Nd2 Rh1 1/2-1/2

[Event "TCh-CHN Division A 2014"]
[Site "Jiangmen CHN"]
[Date "2014.12.06"]
[Round "19.4"]
[White "Zhou, Jiangnan"]
[Black "Bu, Xiangzhi"]
[Result "0-1"]
[BlackTitle "GM"]
[WhiteElo "2100"]
[BlackElo "2707"]
[WhiteTeam "Qingdao Qingwei"]
[BlackTeam "Shandong"]
[WhiteFideId "8609918"]
[BlackFideId "8601445"]
[EventDate "2014.04.12"]

1. d4 Nf6 2. c4 e6 3. Nc3 Bb4 4. f3 d5 5. a3 Be7 6. e4 dxe4 7. fxe4 e5 8. dxe5
Qxd1+ 9. Nxd1 Nxe4 10. Bd3 Nc5 11. Bc2 Nc6 12. Nf3 Bg4 13. O-O Bxf3 14. gxf3 Nd4
15. Ne3 Ncb3 16. Bxb3 Nxb3 17. Rb1 Bc5 18. Re1 O-O-O 19. Kh1 Rd3 20. Nf5 Rxf3
21. Nxg7 Rg8 22. Nh5 Rg4 23. Nf6 Rxc4 24. Bg5 Rc2 25. Rbd1 b5 26. Ne4 Bd4 27.
Nf6 Rff2 28. Ng4 Rg2 29. Rd3 Rxg4 0-1

[Event "TCh-CHN Division A 2014"]
[Site "Jiangmen CHN"]
[Date "2014.12.06"]
[Round "19.4"]
[White "Yu, Chaojie"]
[Black "Zhao, Jun"]
[Result "0-1"]
[BlackTitle "GM"]
[WhiteElo "2107"]
[BlackElo "2578"]
[WhiteTeam "Qingdao Qingwei"]
[BlackTeam "Shandong"]
[WhiteFideId "8608555"]
[BlackFideId "8602522"]
[EventDate "2014.04.12"]

1. e4 d5 2. exd5 Qxd5 3. Nc3 Qd8 4. d4 Nf6 5. Nf3 Bg4 6. Be2 e6 7. O-O Be7 8.
Be3 O-O 9. h3 Bh5 10. Ne5 Bxe2 11. Qxe2 c6 12. Rad1 Nbd7 13. Bf4 Nb6 14. Rd3
Nbd5 15. Nxd5 cxd5 16. Rb3 Qc8 17. Rc3 Qd8 18. Rb3 Qc8 19. Rc3 Qe8 20. Rc7 Rb8
21. Nd3 Qd8 22. Nc5 Bxc5 23. Rxc5 Rc8 24. Bg5 Rxc5 25. dxc5 h6 26. Bh4 g5 27.
Bg3 Ne4 28. Be5 Nxc5 29. Qe3 b6 30. h4 f6 31. Bd4 Qd6 32. hxg5 hxg5 33. Bxc5
bxc5 34. f4 gxf4 35. Rxf4 Rf7 36. Rh4 Rh7 37. Rxh7 Kxh7 38. Qh3+ Kg7 39. Qg4+
Kf8 40. Qh4 Qe7 41. Qh8+ Kf7 42. Qh7+ Ke8 43. Qg8+ Kd7 44. Qb8 Kc6 45. Qc8+ Kb6
46. Qb8+ Kc6 47. Qc8+ Kd6 48. Qa6+ Ke5 49. Qe2+ Kf4 50. Qh5 f5 51. Qf3+ Kg5 52.
Qg3+ Kh6 53. Qe3+ Kg6 54. Qg3+ Kf7 55. Qe5 c4 56. c3 Qb7 57. Qh8 Qb6+ 58. Kh1
Ke7 59. Qg7+ Kd6 60. Qg3+ Kc6 61. Qe5 Kb7 62. b4 cxb3 63. axb3 a5 64. Qg7+ Kc6
65. Qe5 Qxb3 66. Qxe6+ Kb5 67. Qxf5 a4 68. Qd3+ Kc6 69. Qa6+ Kc5 70. Qa7+ Kb5
71. Qb7+ Kc4 72. Qc6+ Kd3 73. Qa6+ Kd2 74. Qa5 Kc2 75. g4 a3 76. Qc5 a2 77. Qf2+
Kb1 0-1

[Event "TCh-CHN Division A 2014"]
[Site "Jiangmen CHN"]
[Date "2014.12.06"]
[Round "19.4"]
[White "Li, Wenxiang"]
[Black "Wen, Yang"]
[Result "0-1"]
[BlackTitle "GM"]
[WhiteElo "1846"]
[BlackElo "2586"]
[WhiteTeam "Qingdao Qingwei"]
[BlackTeam "Shandong"]
[WhiteFideId "8609748"]
[BlackFideId "8602956"]
[EventDate "2014.04.12"]

1. d4 d6 2. Nf3 Nf6 3. c4 g6 4. Nc3 Bf5 5. g3 Ne4 6. Nxe4 Bxe4 7. Bg2 Bg7 8. O-O
O-O 9. Qd2 Nc6 10. e3 e5 11. d5 Nb8 12. Ne1 Bxg2 13. Nxg2 e4 14. Qc2 Re8 15. Bd2
Nd7 16. f4 exf3 17. Rxf3 Ne5 18. Rff1 Rc8 19. Rad1 c6 20. Bc3 cxd5 21. cxd5 Ng4
22. Rd3 Qb6 23. Qd2 Bxc3 24. bxc3 Qc5 25. Rd4 Ne5 26. Qb2 b6 27. g4 Qxc3 28. Qf2
Qc2 29. Qf6 Qe2 30. Qf4 Rc2 31. Qg3 Rec8 32. Rdf4 Rc1 0-1

[Event "TCh-CHN Division A 2014"]
[Site "Jiangmen CHN"]
[Date "2014.12.06"]
[Round "19.4"]
[White "Xiao, Yiyi"]
[Black "Yang, Yingxia"]
[Result "1/2-1/2"]
[WhiteTitle "WFM"]
[WhiteElo "2248"]
[BlackElo "1827"]
[WhiteTeam "Shandong"]
[BlackTeam "Qingdao Qingwei"]
[WhiteFideId "8606161"]
[BlackFideId "8609837"]
[EventDate "2014.04.12"]

1. Nf3 Nf6 2. c4 e6 3. g3 d5 4. Bg2 Be7 5. O-O O-O 6. Qc2 c6 7. d4 Ne4 8. b3 f5
9. Ba3 Nd7 10. Bxe7 Qxe7 11. Nbd2 Ndf6 12. Ne5 Nxd2 13. Qxd2 Ne4 14. Qb2 Qg5 15.
e3 Nd6 16. a4 Nf7 17. Nd3 Re8 18. Rfc1 Rb8 19. c5 Bd7 20. b4 Qf6 21. f4 g5 22.
Ra3 g4 23. b5 Rec8 24. Rb3 Qd8 25. Bf1 h5 26. Nb4 Qe8 27. Rb1 Nd8 28. Qd2 Ra8
29. Nc2 Nf7 30. Nb4 Nd8 31. Qb2 Rab8 32. Qd2 Ra8 33. Nc2 Nf7 34. Nb4 Nd8 35. Qb2
Kh7 36. Na2 Nf7 37. Nc3 Rab8 38. bxc6 Bxc6 39. a5 Ra8 40. a6 bxa6 41. Bxa6 Rc7
42. Qa2 Kg6 43. Qa5 Re7 44. Bb7 Bxb7 45. Rxb7 a6 46. Rxe7 Qxe7 47. c6 Nd6 48.
Na4 Nc4 49. Qc3 Qc7 50. Nc5 Qxc6 51. Rb7 a5 52. Re7 Re8 53. Ra7 Qb5 54. Rb7 Qc6
55. Ra7 Qb5 56. Rb7 Qc6 57. Ra7 1/2-1/2

[Event "TCh-CHN Division A 2014"]
[Site "Jiangmen CHN"]
[Date "2014.12.06"]
[Round "19.4"]
[White "Sun, Fanghui"]
[Black "Gao, Hanxue"]
[Result "1-0"]
[WhiteElo "2077"]
[BlackElo "1766"]
[WhiteTeam "Shandong"]
[BlackTeam "Qingdao Qingwei"]
[WhiteFideId "8604150"]
[BlackFideId "8608873"]
[EventDate "2014.04.12"]

1. e4 c6 2. d4 d5 3. Nd2 dxe4 4. Nxe4 Bf5 5. Ng3 Bg6 6. h4 h6 7. Nf3 Nd7 8. Bd3
Bxd3 9. Qxd3 Qc7 10. Bd2 e6 11. Ne4 Ngf6 12. O-O-O O-O-O 13. g3 Nxe4 14. Qxe4
Nf6 15. Qe2 Bd6 16. c4 c5 17. Bc3 Qe7 18. Ne5 Rhf8 19. g4 cxd4 20. Bxd4 Qc7 21.
Kb1 Qa5 22. f4 g5 23. hxg5 hxg5 24. Nxf7 Rxf7 25. Qxe6+ 1-0

[Event "TCh-CHN Division A 2014"]
[Site "Jiangmen CHN"]
[Date "2014.12.06"]
[Round "19.5"]
[White "Zhou, Jianchao"]
[Black "Ding, Liren"]
[Result "1/2-1/2"]
[WhiteTitle "GM"]
[BlackTitle "GM"]
[WhiteElo "2590"]
[BlackElo "2730"]
[WhiteTeam "Shanghai"]
[BlackTeam "Zhejiang"]
[WhiteFideId "8603537"]
[BlackFideId "8603677"]
[EventDate "2014.04.12"]

1. c4 g6 2. d4 Nf6 3. Nf3 Bg7 4. g3 O-O 5. Bg2 c5 6. O-O cxd4 7. Qxd4 h6 8. Nc3
Nc6 9. Qd2 d6 10. b3 Be6 11. Bb2 Qa5 12. Rfd1 Rfc8 13. Nb5 Qxd2 14. Nxd2 a6 15.
Nd4 Nd7 16. N2f3 Rab8 17. Rab1 Nc5 18. Nxe6 Nxe6 19. Bxg7 Kxg7 20. e3 b5 21.
cxb5 axb5 22. b4 Ra8 23. Rb2 Ra3 24. Rc1 Na7 25. Rxc8 Nxc8 26. Bf1 Na7 27. Rc2
Ra4 28. Rb2 Kf8 29. Nd2 Nc7 30. Nb1 Ke8 31. a3 Ra6 32. Rc2 Kd8 33. f4 Nc8 34. e4
e6 35. Kf2 d5 36. e5 Nb6 37. Rc6 Nc4 38. Rxa6 Nxa6 39. Bxc4 bxc4 40. Ke3 Kc7 41.
Nc3 Kb6 42. Na4+ Kb5 43. Nc3+ Kb6 44. Na4+ Kb5 1/2-1/2

[Event "TCh-CHN Division A 2014"]
[Site "Jiangmen CHN"]
[Date "2014.12.06"]
[Round "19.5"]
[White "Ni, Hua"]
[Black "Lan, Zilun"]
[Result "1-0"]
[WhiteTitle "GM"]
[WhiteElo "2677"]
[BlackElo "2147"]
[WhiteTeam "Shanghai"]
[BlackTeam "Zhejiang"]
[WhiteFideId "8601160"]
[BlackFideId "8604193"]
[EventDate "2014.04.12"]

1. e4 c6 2. d4 d5 3. e5 Bf5 4. h4 h6 5. g4 Be4 6. f3 Bh7 7. e6 fxe6 8. Bd3 Bxd3
9. Qxd3 Qd6 10. f4 Nd7 11. Nf3 O-O-O 12. Ne5 Nxe5 13. fxe5 Qc7 14. Nc3 Nf6 15.
exf6 exf6 16. Bd2 e5 17. O-O-O Bd6 18. Rdf1 Kb8 19. Ne2 Rhe8 20. Rh3 c5 21. dxe5
Bxe5 22. Qb5 a6 23. Qa4 c4 24. Ba5 b6 25. Bd2 Ka7 26. Ra3 a5 27. Qb5 Bd6 28. Nd4
Bxa3 29. Nc6+ Kb7 30. Nxd8+ Rxd8 31. bxa3 Qe5 32. Re1 Qd6 33. a4 Rc8 34. c3 d4
35. Kb2 Rc7 36. Qf5 dxc3+ 37. Bxc3 Qh2+ 38. Kb1 Qxh4 1-0

[Event "TCh-CHN Division A 2014"]
[Site "Jiangmen CHN"]
[Date "2014.12.06"]
[Round "19.5"]
[White "Lou, Yiping"]
[Black "Lu, Shanglei"]
[Result "0-1"]
[WhiteTitle "IM"]
[BlackTitle "GM"]
[WhiteElo "2461"]
[BlackElo "2566"]
[WhiteTeam "Shanghai"]
[BlackTeam "Zhejiang"]
[WhiteFideId "8603928"]
[BlackFideId "8603332"]
[EventDate "2014.04.12"]

1. d4 d5 2. c4 e6 3. Nc3 Nf6 4. cxd5 exd5 5. Bg5 c6 6. Qc2 Na6 7. e3 Nb4 8. Qd1
a5 9. a3 Na6 10. Nf3 Nc7 11. Bd3 Ne6 12. Bh4 Be7 13. O-O O-O 14. Ne5 Nd7 15.
Bxe7 Qxe7 16. f4 Re8 17. Qc2 Ndf8 18. Rae1 f6 19. Nf3 Bd7 20. f5 Nc7 21. Qb3 Kh8
22. Qxb7 Qd6 23. Qb3 c5 24. dxc5 Qxc5 25. Nd1 Nb5 26. Rf2 Nd6 27. Nd4 Re5 28.
Ref1 a4 29. Qc2 Qb6 30. h3 Rc8 31. Qd2 h6 32. Rf4 Nh7 33. h4 Rce8 34. Kh1 Nf8
35. R1f2 Bc8 36. Qb4 Qxb4 37. axb4 Bb7 38. Rc2 R5e7 39. Nc6 Rc7 40. Na5 Rce7 41.
Rc5 Ba8 42. Bc2 g5 43. Rd4 Nd7 44. Rcxd5 Bxd5 45. Rxd5 Nc8 46. Nc6 Rg7 47. hxg5
hxg5 48. Kg1 Ndb6 49. Rd4 Rc7 50. b5 Ne7 51. Re4 Kg7 52. Nc3 Kf7 53. Nxa4 Nxc6
54. Nxb6 Ne5 55. Bb3+ Kg7 56. Nc4 Rb8 57. Nxe5 Rxb5 58. Nd7 Rxb3 59. Re7+ Kh6
60. Nxf6 Rxe7 61. Ng8+ Kg7 62. Nxe7 Rxe3 63. Nc6 Kf6 64. Ne7 Kg7 65. Nc6 Kf6 66.
b4 Kxf5 67. Kf2 Rd3 68. b5 Kf4 69. Ke2 Rd5 70. b6 Rb5 71. Nd4 Rxb6 72. Kf2 Rb2+
73. Kg1 g4 74. Kh2 Rd2 75. Ne6+ Kf5 76. Ng7+ Ke5 0-1